[Event "Joao Pessoa de Assis Memorial 3rd"]
[Site "Joao Pessoa"]
[Date "2023.10.21"]
[Round "4"]
[White "De Lima, Enzo Magalhaes"]
[Black "Dos Santos, Vinicius Barbosa"]
[Result "0-1"]
[WhiteElo "1990"]
[BlackElo "1718"]
[PlyCount "54"]
[EventDate "2023.10.20"]
[EventType "swiss"]
[EventRounds "6"]
[EventCountry "BRA"]
[SourceTitle "Mega2024 Update 01"]
[Source "Chessbase"]
[SourceDate "2023.11.12"]
[SourceVersion "1"]
[SourceVersionDate "2023.11.12"]
[SourceQuality "1"]

1. e4 c5 2. Nc3 d6 3. g3 Nc6 4. Bg2 e6 5. d3 Nf6 6. Nge2 a6 7. a4 Be7 8. 0-0 0-0 9. h3 d5 10. exd5 exd5 11. d4 cxd4 12. Nxd4 Bc5 13. Nb3 Ba7 14. g4 Be6 15. g5 Ne4 16. Nxe4 dxe4 17. Qe2 Re8 18. Rd1 Qc7 19. Be3 Bb8 20. Qh5 Qh2+ 21. Kf1 Bc4+ 22. Ke1 Qxg2 23. Nd4 Nxd4 24. Bxd4 e3 25. Bxe3 Rxe3+ 26. Kd2 Qxf2+ 27. Kc1 Bf4 0-1

[Event "Joao Pessoa de Assis Memorial 3rd"]
[Site "Joao Pessoa"]
[Date "2023.10.20"]
[Round "1"]
[White "Morais, Francisco John Silv"]
[Black "De Lima, Enzo Magalhaes"]
[Result "1/2-1/2"]
[WhiteElo "1644"]
[BlackElo "1990"]
[PlyCount "70"]
[EventDate "2023.10.20"]
[EventType "swiss"]
[EventRounds "6"]
[EventCountry "BRA"]
[SourceTitle "Mega2024 Update 01"]
[Source "Chessbase"]
[SourceDate "2023.11.12"]
[SourceVersion "1"]
[SourceVersionDate "2023.11.12"]
[SourceQuality "1"]

1. e4 c5 2. Nf3 a6 3. g3 d6 4. Bg2 e5 5. 0-0 Nf6 6. d3 g6 7. Re1 Bg7 8. Nbd2 0-0 9. h4 Nc6 10. c3 d5 11. Qe2 d4 12. c4 Bg4 13. Nf1 Qd7 14. N1h2 Bh3 15. Bh1 b5 16. b3 h6 17. Bd2 bxc4 18. bxc4 Nh5 19. Reb1 Rab8 20. Rb3 Rfe8 21. Rab1 Rxb3 22. axb3 f5 23. Ne1 Nf6 24. f3 Nh5 25. Qf2 Rf8 26. exf5 gxf5 27. f4 Re8 28. Qf3 exf4 29. Qxc6 Qe7 30. Qf3 Nxg3 31. Ng2 Bxg2 32. Bxg2 Ne2+ 33. Kh1 Ng3+ 34. Kg1 Ne2+ 35. Kh1 Ng3+ 1/2-1/2

[Event "Recife PE23 Gr A"]
[Site "Recife"]
[Date "2023.04.08"]
[Round "4"]
[White "Do Nascimento, Christian Almeida"]
[Black "De Lima, Enzo Magalhaes"]
[Result "1-0"]
[WhiteElo "2116"]
[BlackElo "1964"]
[PlyCount "95"]
[EventDate "2023.04.06"]
[EventType "tourn"]
[EventRounds "7"]
[EventCountry "BRA"]
[SourceTitle "EXT 2024"]
[Source "ChessBase"]
[SourceDate "2023.10.10"]
[SourceVersion "1"]
[SourceVersionDate "2023.10.10"]
[SourceQuality "1"]

1. d4 d5 2. e3 Nf6 3. Bd3 c5 4. c3 Nc6 5. f4 g6 6. Nf3 Bf5 7. Bxf5 gxf5 8. 0-0 e6 9. Bd2 Be7 10. Be1 Ne4 11. Nbd2 Qc7 12. a3 0-0-0 13. Nxe4 dxe4 14. Ne5 Nxe5 15. fxe5 h5 16. b4 c4 17. Bg3 Bg5 18. Bf4 Rdg8 19. Qe2 Bxf4 20. Rxf4 Rg4 21. Rxg4 hxg4 22. g3 Kd7 23. a4 a6 24. Rb1 b6 25. b5 a5 26. Rd1 Rc8 27. h4 Ke7 28. Qf2 f6 29. Qf4 Qd7 30. exf6+ Kxf6 31. Qe5+ Kf7 32. d5 Rc5 33. dxe6+ Qxe6 34. Qxe6+ Kxe6 35. Rd4 Rd5 36. Kf2 Rxd4 37. exd4 f4 38. h5 Kf5 39. h6 e3+ 40. Ke2 Ke4 41. h7 f3+ 42. Ke1 Kd3 43. h8Q f2+ 44. Kf1 Kxc3 45. d5+ Kb3 46. Qd4 c3 47. Qxe3 Kb2 48. d6 1-0

[Event "Recife PE23 Gr A"]
[Site "Recife"]
[Date "2023.04.06"]
[Round "1"]
[White "De Lima, Enzo Magalhaes"]
[Black "Tomaz, Luiz Antonio da Sil"]
[Result "1-0"]
[WhiteElo "1964"]
[BlackElo "2102"]
[PlyCount "66"]
[EventDate "2023.04.06"]
[EventType "tourn"]
[EventRounds "7"]
[EventCountry "BRA"]
[SourceTitle "EXT 2024"]
[Source "ChessBase"]
[SourceDate "2023.10.10"]
[SourceVersion "1"]
[SourceVersionDate "2023.10.10"]
[SourceQuality "1"]

1. d4 Nf6 2. c4 c6 3. Nf3 d5 4. Nc3 e6 5. cxd5 exd5 6. Bg5 h6 7. Bh4 Be7 8. Qc2 g6 9. e3 Bf5 10. Bd3 Bxd3 11. Qxd3 Nbd7 12. 0-0 0-0 13. Rab1 a5 14. Qc2 Ne4 15. Bxe7 Qxe7 16. Nd2 Nd6 17. a3 Nf6 18. Na4 b5 19. Nc5 a4 20. Nd3 Nc4 21. Nxc4 bxc4 22. Nc5 Qa7 23. e4 Nd7 24. Nxd7 Qxd7 25. e5 Rfb8 26. f4 Qf5 27. Qe2 Rb3 28. g4 Qd3 29. Qf2 Rab8 30. Rfe1 Qh3 31. Qe2 Rf3 32. e6 Qxg4+ 33. Kh1 Qxf4 1-0

[Event "Joao Pessoa de Assis Memorial 2nd"]
[Site "Joao Pessoa"]
[Date "2022.10.22"]
[Round "4"]
[White "De Lima, Enzo Magalhaes"]
[Black "Da Silva, Camila Evaristo"]
[Result "1-0"]
[WhiteElo "1894"]
[BlackElo "1685"]
[PlyCount "95"]
[EventDate "2022.10.21"]
[EventType "swiss"]
[EventRounds "6"]
[EventCountry "BRA"]
[SourceTitle "CBM 210 Extra"]
[Source "ChessBase"]
[SourceDate "2022.11.30"]
[SourceVersion "1"]
[SourceVersionDate "2022.11.30"]
[SourceQuality "1"]

1. d4 d5 2. c4 c6 3. Nc3 Nf6 4. Nf3 dxc4 5. a4 Bf5 6. e3 e6 7. Bxc4 Bb4 8. 0-0 Nbd7 9. Qe2 0-0 10. Rd1 Qc7 11. e4 Bg4 12. e5 Nd5 13. Nxd5 cxd5 14. Bd3 Nb6 15. Bxh7+ Kh8 16. Bd3 Nc4 17. h3 Bh5 18. g4 Bg6 19. Bxg6 fxg6 20. Ng5 Qb6 21. Qd3 Be7 22. Nf3 Rf7 23. g5 Nxb2 24. Bxb2 Qxb2 25. Rdb1 Rxf3 26. Qxf3 Qxd4 27. Qg3 Rf8 28. Rd1 Qe4 29. Re1 Qd4 30. Kg2 Rf5 31. h4 Bc5 32. Ra2 Qc4 33. Ree2 Rf4 34. Kh3 Rf8 35. Rac2 Qb4 36. Qc3 Qb1 37. Re1 Rf3+ 38. Qxf3 Qxc2 39. h5 Qxf2 40. Qxf2 Bxf2 41. Re2 Bc5 42. hxg6 a6 43. Rc2 Bf8 44. Rc8 Kg8 45. a5 d4 46. Rd8 d3 47. Rxd3 Be7 48. Rc3 1-0

[Event "Norte e Nordeste-ch U2000"]
[Site "Fortaleza"]
[Date "2022.04.17"]
[Round "6"]
[White "De Lima, Enzo Magalhaes"]
[Black "Goncalves, Mateus"]
[Result "1-0"]
[WhiteElo "1798"]
[BlackElo "1853"]
[PlyCount "103"]
[EventDate "2022.04.15"]
[EventType "swiss"]
[EventRounds "6"]
[EventCountry "BRA"]
[SourceTitle "EXT 2023"]
[Source "ChessBase"]
[SourceDate "2022.10.05"]
[SourceVersion "1"]
[SourceVersionDate "2022.10.05"]
[SourceQuality "1"]

1. d4 Nf6 2. c4 g6 3. g3 Bg7 4. Bg2 0-0 5. Nc3 d6 6. Nf3 Nc6 7. 0-0 e5 8. d5 Ne7 9. e4 Ne8 10. Ne1 f5 11. f3 f4 12. g4 g5 13. Nd3 Ng6 14. c5 Nf6 15. Bd2 Rf7 16. Rc1 Bf8 17. b4 h5 18. h3 Rh7 19. Kf2 Bd7 20. Rh1 Nh8 21. Nb1 Nf7 22. Ke2 Nh6 23. Nf2 Bb5+ 24. Ke1 Qe8 25. Bf1 Ba4 26. Qe2 a6 27. Na3 Nd7 28. Nd3 Nf6 29. Nf2 Kh8 30. Bg2 Rd8 31. Nd3 Nhg8 32. Nf2 c6 33. dxc6 dxc5 34. bxc5 bxc6 35. Qxa6 Ra8 36. Qe2 Rd7 37. Nd3 Rad8 38. Rc3 Qe6 39. Bc1 Rd4 40. Nb2 Qxa2 41. Nxa4 Qxe2+ 42. Kxe2 Rxa4 43. h4 gxh4 44. Rxh4 Kg7 45. gxh5 Nd7 46. Rg4+ Kf7 47. Rc4 Raa8 48. Bh3 Ngf6 49. Rg5 Bxc5 50. Nc2 Ra2 51. Ke1 Ra1 52. Nxa1 1-0

[Event "Fortaleza Schoonenborch 7th"]
[Site "Fortaleza"]
[Date "2020.02.09"]
[Round "6"]
[White "De Lima, Enzo Magalhaes"]
[Black "Da Silva, Francisco Iran Sant"]
[Result "1-0"]
[WhiteElo "1637"]
[BlackElo "1797"]
[PlyCount "73"]
[EventDate "2020.02.06"]
[EventType "swiss"]
[EventRounds "6"]
[EventCountry "BRA"]
[SourceTitle "CBM 195 Extra"]
[Source "ChessBase"]
[SourceDate "2020.05.31"]
[SourceVersion "1"]
[SourceVersionDate "2020.05.31"]
[SourceQuality "1"]

1. c4 e6 2. Nf3 Nf6 3. g3 b6 4. Bg2 Bb7 5. 0-0 d5 6. d3 Bd6 7. cxd5 exd5 8. Nc3 0-0 9. Nd4 Be5 10. Nc2 c5 11. d4 Bd6 12. dxc5 Bxc5 13. Bg5 Nbd7 14. Nxd5 Bxd5 15. Bxd5 Rc8 16. Bg2 Qc7 17. Bf4 Bxf2+ 18. Rxf2 Qxc2 19. e3 Qc4 20. Bd6 Rfe8 21. Bb7 Rcd8 22. Rc1 Qe6 23. Bc7 Ng4 24. Re2 Nxe3 25. Bxd8 Nxd1 26. Rxe6 fxe6 27. Rxd1 Rxd8 28. Bc6 Kf8 29. Rxd7 Rc8 30. Be4 Rc4 31. Bxh7 Rc1+ 32. Kg2 Re1 33. Rd2 a5 34. h4 Kf7 35. Bd3 Re5 36. Bc4 b5 37. Re2 1-0

[Event "Fortaleza Schoonenborch 7th"]
[Site "Fortaleza"]
[Date "2020.02.09"]
[Round "5"]
[White "Lima, Brayan Theo Milhome"]
[Black "De Lima, Enzo Magalhaes"]
[Result "0-1"]
[WhiteElo "1785"]
[BlackElo "1637"]
[PlyCount "130"]
[EventDate "2020.02.06"]
[EventType "swiss"]
[EventRounds "6"]
[EventCountry "BRA"]
[SourceTitle "CBM 195 Extra"]
[Source "ChessBase"]
[SourceDate "2020.05.31"]
[SourceVersion "1"]
[SourceVersionDate "2020.05.31"]
[SourceQuality "1"]

1. e4 c5 2. c3 Nf6 3. e5 Nd5 4. Bc4 Nb6 5. Bb3 Nc6 6. d4 cxd4 7. cxd4 d6 8. Nf3 dxe5 9. Nxe5 Nxe5 10. dxe5 Qxd1+ 11. Bxd1 Bf5 12. Bf3 0-0-0 13. 0-0 e6 14. Bd2 Kb8 15. Ba5 g5 16. g3 Bg7 17. Re1 h5 18. Nc3 h4 19. g4 Bd3 20. h3 Rd4 21. Rad1 Rhd8 22. b3 R8d7 23. Bxb6 axb6 24. Na4 Ka7 25. Rc1 Bb5 26. Nb2 Rd2 27. Nc4 Bxc4 28. Rxc4 Rxa2 29. Rc8 Ra3 30. Rg8 Bh6 31. Rc1 b5 32. Rcc8 Rxb3 33. Kg2 b4 34. Ra8+ Kb6 35. Ra2 Rc3 36. Rb2 b3 37. Ra8 Bg7 38. Ra3 Rdd3 39. Be4 Rxh3 40. f3 Rg3+ 41. Kf2 Bxe5 42. Raxb3+ Rxb3 43. Rxb3+ Kc5 44. Rxb7 Bd4+ 45. Ke2 f6 46. Kd3 Be5 47. Rh7 Rg1 48. Ke2 Kd6 49. Rh6 Bd4 50. Rh7 Ke5 51. Kd3 Ba1 52. Ke3 f5 53. gxf5 exf5 54. Ba8 Rg3 55. Kf2 Bd4+ 56. Kf1 h3 57. Rh6 Kf4 58. Ke2 Be3 59. Kd3 g4 60. fxg4 fxg4 61. Rf6+ Kg5 62. Rf1 Bf4+ 63. Ke2 Re3+ 64. Kd1 g3 65. Rg1 Ra3 0-1

[Event "Fortaleza Schoonenborch 7th"]
[Site "Fortaleza"]
[Date "2020.02.08"]
[Round "3"]
[White "Machado Neto, Pedro Ferreira"]
[Black "De Lima, Enzo Magalhaes"]
[Result "0-1"]
[WhiteElo "1742"]
[BlackElo "1637"]
[PlyCount "54"]
[EventDate "2020.02.06"]
[EventType "swiss"]
[EventRounds "6"]
[EventCountry "BRA"]
[SourceTitle "CBM 195 Extra"]
[Source "ChessBase"]
[SourceDate "2020.05.31"]
[SourceVersion "1"]
[SourceVersionDate "2020.05.31"]
[SourceQuality "1"]

1. d4 d6 2. e4 Nf6 3. Nc3 g6 4. f4 Bg7 5. Nf3 0-0 6. Bd3 Na6 7. 0-0 c5 8. d5 Nd7 9. Qe1 e5 10. Qg3 Nc7 11. f5 a6 12. a4 b6 13. Nd1 Rb8 14. Ne3 b5 15. axb5 axb5 16. Ng4 c4 17. Be2 Nc5 18. Nd2 Ne8 19. Ra7 Qb6 20. Re7 Nxe4+ 21. Qe3 Qxe3+ 22. Nxe3 Nc5 23. fxg6 hxg6 24. b4 Nd7 25. Ne4 f5 26. Ng5 Bf6 27. Re6 Nb6 0-1

[Event "South America-ch U12 16th"]
[Site "Buenos Aires"]
[Date "2019.12.06"]
[Round "9.7"]
[White "De Lima, Enzo Magalhaes"]
[Black "Cahuapaza Tarapaca, Leonardo"]
[Result "0-1"]
[WhiteElo "1763"]
[BlackElo "1453"]
[PlyCount "52"]
[EventDate "2019.12.01"]
[EventType "swiss"]
[EventRounds "9"]
[EventCountry "ARG"]
[SourceTitle "EXT 2024"]
[Source "ChessBase"]
[SourceDate "2023.10.10"]
[SourceVersion "1"]
[SourceVersionDate "2023.10.10"]
[SourceQuality "1"]

1. d4 d5 2. c4 Nf6 3. Nc3 e6 4. cxd5 exd5 5. Bg5 c6 6. e3 Bf5 7. Qf3 Bg6 8. Bxf6 Qxf6 9. Qxf6 gxf6 10. Nf3 Nd7 11. Kd2 Bd6 12. Bd3 Nb6 13. Rab1 0-0-0 14. b4 Nc4+ 15. Ke2 b5 16. Rhc1 Kd7 17. a4 a6 18. Nd2 Rb8 19. a5 h5 20. h3 h4 21. Na2 Rhg8 22. f3 Bxd3+ 23. Kxd3 Nxd2 24. Kxd2 Rxg2+ 25. Kd3 Rxa2 26. Rg1 Bg3 0-1

[Event "Recife Arraes Memorial 12th"]
[Site "Recife"]
[Date "2019.08.31"]
[Round "4"]
[White "Bouwman, Marcelo Wanderley"]
[Black "De Lima, Enzo Magalhaes"]
[Result "1-0"]
[WhiteElo "2176"]
[BlackElo "1659"]
[PlyCount "47"]
[EventDate "2019.08.30"]
[EventType "swiss"]
[EventRounds "6"]
[EventCountry "BRA"]
[SourceTitle "EXT 2020"]
[Source "ChessBase"]
[SourceDate "2019.10.17"]
[SourceVersion "1"]
[SourceVersionDate "2019.10.17"]
[SourceQuality "1"]

1. e4 c5 2. Nf3 e6 3. d3 Nc6 4. g3 d5 5. Nbd2 Bd6 6. Bg2 Nge7 7. 0-0 0-0 8. Re1 f5 9. e5 Bc7 10. c3 Ng6 11. d4 c4 12. b3 b5 13. a4 bxa4 14. bxc4 f4 15. cxd5 exd5 16. Qxa4 Bd7 17. Qa2 Be6 18. Ne4 Qe7 19. Neg5 fxg3 20. hxg3 Rfe8 21. Nxe6 Qxe6 22. Ng5 Qd7 23. Qxd5+ Qxd5 24. Bxd5+ 1-0

[Event "Fortaleza Gadelha Memorial"]
[Site "Fortaleza"]
[Date "2019.08.16"]
[Round "2"]
[White "De Lima, Enzo Magalhaes"]
[Black "Pinto, Carlos Henrique Lop"]
[Result "0-1"]
[WhiteElo "1659"]
[BlackElo "2135"]
[PlyCount "90"]
[EventDate "2019.08.15"]
[EventType "swiss"]
[EventRounds "7"]
[EventCountry "BRA"]
[SourceTitle "CBM 191 Extra"]
[Source "ChessBase"]
[SourceDate "2019.09.30"]
[SourceVersion "1"]
[SourceVersionDate "2019.09.30"]
[SourceQuality "1"]

1. d4 Nf6 2. c4 g6 3. Nc3 Bg7 4. e4 d6 5. Nf3 0-0 6. Be2 Na6 7. Be3 c5 8. d5 Nc7 9. 0-0 a6 10. a4 b6 11. Nd2 Bd7 12. h3 Rb8 13. f4 b5 14. axb5 axb5 15. b3 b4 16. e5 bxc3 17. exf6 Bxf6 18. Ne4 Bg7 19. Qc2 Bf5 20. Bd3 Bxe4 21. Bxe4 Ra8 22. Rxa8 Qxa8 23. Bf2 Qa3 24. Bh4 Re8 25. f5 Na6 26. f6 exf6 27. Bxf6 Bxf6 28. Rxf6 Qb2 29. Qb1 Qxb1+ 30. Bxb1 Re1+ 31. Rf1 Rxf1+ 32. Kxf1 Nb4 33. Ke2 c2 34. Bxc2 Nxc2 35. Kd2 Nd4 36. Kc3 Ne2+ 37. Kd2 Nf4 38. Kc3 Nxg2 39. b4 cxb4+ 40. Kxb4 Nf4 41. Kb5 Kf8 42. c5 dxc5 43. Kxc5 Nxh3 44. d6 Ke8 45. Kc6 Kd8 0-1

[Event "Natal Potiguar op 11th"]
[Site "Natal"]
[Date "2019.06.09"]
[Round "6"]
[White "De Lima, Enzo Magalhaes"]
[Black "Gomes, Carlos"]
[Result "1/2-1/2"]
[WhiteElo "1648"]
[BlackElo "1561"]
[PlyCount "108"]
[EventDate "2019.06.07"]
[EventType "swiss"]
[EventRounds "6"]
[EventCountry "BRA"]
[SourceTitle "EXT 2020"]
[Source "ChessBase"]
[SourceDate "2019.10.17"]
[SourceVersion "1"]
[SourceVersionDate "2019.10.17"]
[SourceQuality "1"]

1. d4 f5 2. Bg5 g6 3. c4 c6 4. Nc3 d5 5. e3 Be6 6. Qb3 b6 7. cxd5 Bxd5 8. Nxd5 cxd5 9. Bb5+ Kf7 10. Ne2 h6 11. Bh4 g5 12. Bg3 e6 13. h4 g4 14. Rc1 Bd6 15. Bxd6 Qxd6 16. Nf4 Ne7 17. Nd3 h5 18. Ne5+ Kf6 19. 0-0 Ng6 20. Nxg6 Kxg6 21. g3 a5 22. Rc3 Ra7 23. Rfc1 Rhh7 24. Qc2 Rab7 25. Rc8 Rhg7 26. Rh8 Rgc7 27. Qd2 Rxc1+ 28. Qxc1 Rc7 29. Qd2 Nd7 30. Rd8 Qe7 31. Rxd7 Rxd7 32. Bxd7 Qxd7 33. Qc2 Kf6 34. Kg2 e5 35. dxe5+ Kxe5 36. Qc3+ d4 37. exd4+ Qxd4 38. Qc7+ Qd6 39. Qxd6+ Kxd6 40. f4 Kd5 41. Kf2 Kd4 42. Ke2 a4 43. Kd2 Ke4 44. Ke2 b5 45. a3 Kd4 46. Kd2 Kc4 47. Kc2 b4 48. axb4 Kxb4 49. Kd2 Kb3 50. Kc1 Kb4 51. Kd2 Kb3 52. Kc1 Ka2 53. Kc2 Ka1 54. b4 a3 1/2-1/2

[Event "Natal Potiguar op 11th"]
[Site "Natal"]
[Date "2019.06.08"]
[Round "4"]
[White "De Lima, Enzo Magalhaes"]
[Black "De Lima, Alan Silva"]
[Result "1/2-1/2"]
[WhiteElo "1648"]
[BlackElo "1936"]
[PlyCount "83"]
[EventDate "2019.06.07"]
[EventType "swiss"]
[EventRounds "6"]
[EventCountry "BRA"]
[SourceTitle "EXT 2020"]
[Source "ChessBase"]
[SourceDate "2019.10.17"]
[SourceVersion "1"]
[SourceVersionDate "2019.10.17"]
[SourceQuality "1"]

1. d4 d5 2. c4 c6 3. Nc3 g6 4. Nf3 Bg7 5. Bf4 Nf6 6. e3 0-0 7. Rc1 Bg4 8. Be2 dxc4 9. Bxc4 Nbd7 10. 0-0 Rc8 11. Be2 Bxf3 12. Bxf3 Nb6 13. e4 e6 14. Re1 Qd7 15. Qd3 h6 16. Rcd1 Rfd8 17. Be5 Ne8 18. Bxg7 Nxg7 19. d5 cxd5 20. exd5 exd5 21. Nxd5 Nxd5 22. Bxd5 Re8 23. Rxe8+ Rxe8 24. g3 b6 25. Qxg6 Qxd5 26. Qxg7+ Kxg7 27. Rxd5 Re2 28. Rb5 Kf6 29. Kf1 Rc2 30. h4 Kg6 31. Kg2 Rd2 32. Kf3 Rc2 33. g4 Rd2 34. h5+ Kf6 35. Ke3 Rc2 36. f4 Rg2 37. Kf3 Rg1 38. Rd5 Rf1+ 39. Kg3 Rg1+ 40. Kf3 Rf1+ 41. Ke3 Rg1 42. Kf3 1/2-1/2

[Event "Natal Potiguar op 11th"]
[Site "Natal"]
[Date "2019.06.07"]
[Round "2"]
[White "De Lima, Enzo Magalhaes"]
[Black "Pinheiro, Ariana Hayelly Maci"]
[Result "1-0"]
[WhiteElo "1648"]
[BlackElo "1287"]
[PlyCount "91"]
[EventDate "2019.06.07"]
[EventType "swiss"]
[EventRounds "6"]
[EventCountry "BRA"]
[SourceTitle "EXT 2020"]
[Source "ChessBase"]
[SourceDate "2019.10.17"]
[SourceVersion "1"]
[SourceVersionDate "2019.10.17"]
[SourceQuality "1"]

1. c4 c6 2. Nc3 d5 3. cxd5 cxd5 4. d3 e5 5. g3 h6 6. Bg2 Nf6 7. Nf3 Nc6 8. 0-0 Bd6 9. d4 Be6 10. dxe5 Nxe5 11. Nd4 Bc5 12. e3 0-0 13. Nc2 Nc6 14. Qd2 Bf5 15. Rd1 Be4 16. Nxd5 Bxd5 17. Bxd5 Nxd5 18. Qxd5 Qe7 19. Qf3 Ne5 20. Qe2 Qf6 21. Ne1 Rad8 22. Bd2 b6 23. Bc3 Qe7 24. Rac1 Rxd1 25. Rxd1 Ng6 26. Qd3 Qb7 27. Qd5 Qxd5 28. Rxd5 Ne7 29. Rd7 a5 30. Nd3 Nc6 31. Nxc5 bxc5 32. Rc7 Nb4 33. Rxc5 Nxa2 34. Bxa5 Rb8 35. Rc2 Nb4 36. Rd2 Nc6 37. Bc3 Nd8 38. Kf1 Ne6 39. Ke2 Nc5 40. Rd4 Nb3 41. Rb4 Nc1+ 42. Kd2 Nb3+ 43. Kc2 Na1+ 44. Kb1 Rxb4 45. Bxb4 Nb3 46. Kc2 1-0

[Event "Natal Potiguar op 11th"]
[Site "Natal"]
[Date "2019.06.07"]
[Round "1"]
[White "Macedo, Maximo Iack Miranda"]
[Black "De Lima, Enzo Magalhaes"]
[Result "1-0"]
[WhiteElo "2318"]
[BlackElo "1648"]
[PlyCount "31"]
[EventDate "2019.06.07"]
[EventType "swiss"]
[EventRounds "6"]
[EventCountry "BRA"]
[SourceTitle "EXT 2020"]
[Source "ChessBase"]
[SourceDate "2019.10.17"]
[SourceVersion "1"]
[SourceVersionDate "2019.10.17"]
[SourceQuality "1"]

1. d4 d5 2. c4 c6 3. Nc3 e6 4. Nf3 dxc4 5. Bg5 Qc7 6. g3 Bb4 7. Bg2 Nd7 8. 0-0 Ngf6 9. Nd2 Nd5 10. Nxc4 Bxc3 11. bxc3 Nxc3 12. Qd3 Nd5 13. Qa3 c5 14. Bxd5 exd5 15. Qe3+ Kf8 16. Qe7+ 1-0

[Event "BRA-ch U12"]
[Site "Florianopolis"]
[Date "2019.04.20"]
[Round "4"]
[White "De Lima, Enzo Magalhaes"]
[Black "Luz, Christian Oliveira"]
[Result "1-0"]
[WhiteElo "1685"]
[BlackElo "1295"]
[PlyCount "79"]
[EventDate "2019.04.18"]
[EventType "swiss"]
[EventRounds "6"]
[EventCountry "BRA"]
[SourceTitle "CBM 190 Extra"]
[Source "ChessBase"]
[SourceDate "2019.07.15"]
[SourceVersion "1"]
[SourceVersionDate "2019.07.15"]
[SourceQuality "1"]

1. d4 d5 2. c4 e6 3. Nc3 c5 4. cxd5 exd5 5. Nf3 Nf6 6. Bg5 cxd4 7. Nxd4 Be7 8. g3 0-0 9. Bg2 Be6 10. 0-0 Nc6 11. Rc1 Rc8 12. Nc2 a6 13. Qd2 d4 14. Bxf6 Bxf6 15. Ne4 Be7 16. Na1 Re8 17. Nc5 Bxc5 18. Rxc5 Qb6 19. Rfc1 Red8 20. a3 h6 21. b4 Qc7 22. Nc2 Qd6 23. Bxc6 Rxc6 24. Rxc6 Qxc6 25. e3 Bh3 26. Ne1 Qf6 27. e4 Bg4 28. Qd3 Bh5 29. Rc4 b5 30. Rc2 Bg6 31. Re2 Qe7 32. f3 Bh7 33. Nc2 Qa7 34. Kg2 Re8 35. Qxd4 Qb7 36. Ne3 g5 37. Ng4 Re6 38. Nf6+ Kg7 39. Nd7+ Kg8 40. Nc5 1-0

[Event "Recife Akasaka Cup 7th"]
[Site "Recife"]
[Date "2019.04.14"]
[Round "5"]
[White "Lima, Luiz Alexandre de S"]
[Black "De Lima, Enzo Magalhaes"]
[Result "1-0"]
[WhiteElo "1853"]
[BlackElo "1685"]
[PlyCount "91"]
[EventDate "2019.04.12"]
[EventType "swiss"]
[EventRounds "6"]
[EventCountry "BRA"]
[SourceTitle "CBM 189 Extra"]
[Source "ChessBase"]
[SourceDate "2019.06.03"]
[SourceVersion "1"]
[SourceVersionDate "2019.06.03"]
[SourceQuality "1"]

1. e4 c6 2. d4 d5 3. Nc3 dxe4 4. Nxe4 Bf5 5. Ng3 Bg6 6. Nh3 e6 7. Nf4 Bd6 8. Nxg6 hxg6 9. Ne4 Nf6 10. Nxd6+ Qxd6 11. h3 Nbd7 12. c3 0-0-0 13. Qa4 Kb8 14. Be3 Nb6 15. Qb3 Nbd5 16. 0-0-0 Nxe3 17. fxe3 Ne4 18. Ba6 Qc7 19. Rhf1 Ka8 20. Bd3 Ng3 21. Rf3 Nf5 22. Rdf1 Rd7 23. e4 Nh4 24. R3f2 Qg3 25. Qc2 f5 26. Bc4 Qd6 27. e5 Qe7 28. g3 Qg5+ 29. Kb1 Qxg3 30. Bxe6 Re7 31. Bb3 Qxh3 32. Qd2 Qg3 33. e6 g5 34. c4 Rxe6 35. d5 cxd5 36. cxd5 Rd6 37. Qd4 Rg8 38. Re1 Rgd8 39. Ref1 g6 40. Rc2 f4 41. Rfc1 Kb8 42. Qe5 Nf5 43. Rc3 Qf2 44. Bc2 Qd4 45. Bxf5 Qxc3 46. Qxc3 1-0